Toutes les chansons de Lemonade Mouth [Disney Channel] - Statistiques

Statistiques générales
  • Ce quiz a été pris 31 fois
  • Le résultat moyen est 4 sur 10
Statistiques - réponses
Réponse % Correct
Determinate
100%
She's So Gone
93%
More Than a Band
59%
Somebody
59%
Turn Up the Music
59%
Breakthrough
52%
Livin' On a high Wire
14%
Here We Go
7%
And the Crowd Goes
3%
Don't Ya Wish U Where Us?
3%
Aucun quiz correspondant
Distribution des résultats
% des personnes avec chaque résultat
Percentile par nombre de réponses
Votre historique - résultats
Vous n’avez pas pris ce quiz